000 00706nam a2200241 i 4500
001 bg
100 1 _aMatuszewicz, Jan.
245 1 0 _aRachunkowość od podstaw :
_bz uwzględnieniem postanowień znowelizowanej ustawy o rachunkowości /
_cJan Matuszewicz, Piotr Matuszewicz.
260 _aWarszawa :
_b"Finans-Servis",
_c2001.
300 _a439 s. ;
_c24 cm.
650 9 _aRachunkowość
655 _aPodręczniki
700 1 _aMatuszewicz, Piotr.
020 _a8386226420
040 _cBPK
041 0 _apol
080 _a657
080 _a(07)
920 _a83-86226-42-0
942 _cKS
008 s pl f |000 0 pol
999 _c40062
_d40062
856 _uhttp://koha.tu.koszalin.pl/cgi-bin/koha/opac-detail.pl?biblionumber=40062
_yKatalog online BPK